000 01022nam a22002417a 4500
999 _c17347
_d17347
003 AR-CdUCM
008 190506b ||||| |||| 00| 0 spa d
040 _aMUNICIPALIDAD PROVINCIAL DEL CUSCO
_cBIBLIOTECA MUNICIPAL DEL CUSCO
041 _hita
082 _22ed.
_a108 /
_bV62
100 _aVico,
_936739
245 _aPrincipios de una ciencia nueva sobre la naturaleza común de las naciones III:
_bDe la sabiduria poetica II /
260 _aMadrid :
_bAguilar,
_c1960.
300 _a185 paginas ;
_c16 cm.
500 _aTitulo original : Principi di una scienza nuov a d´intorno alla comune natura delle nazioni
505 _aContenido :De la sabiduría poética II --Política poética --Recopilación de la historia poética-- Física poética --De la cosmografía poética ...
650 _aOrigen de las lenguas
_936740
650 _aMoral poética
_936741
650 _aLógica poética
_936742
700 _aFuentes Benot, Manuel (Traducción)
_936743
942 _2ddc
_cLIBROS
945 _arjall
_d2019-05-8